000 00340nam a22001337a 4500
003 OSt
008 250116b |||||||| |||| 00| 0 eng d
041 _aeng
082 _a631.587
100 _aSharma, SK
_96944
245 _aPrinciples and Practice of Irrigation Engineering
260 _aNew Delhi:
_bS Chand & Co Ltd,
_c1984.
942 _cBK
999 _c19034
_d19034